| 000 | 01125nam a2200253Ia 4500 | ||
|---|---|---|---|
| 003 | GCL | ||
| 005 | 20240530101807.0 | ||
| 008 | 140319s9999 xx 000 0 ara d | ||
| 020 | _a9771034723 | ||
| 040 |
_aGCL / _cGCL |
||
| 082 | 0 | 4 |
_a346.07 _bع ج |
| 100 | 1 | _aعبدالحميد الشواربى | |
| 245 | 1 | 0 |
_aالجرائم المالية والتجارية : _bجرائم التهريب الجمركى- التعامل فى النقد الاجنبى - جرائم الشركات - جرائم الضرائب - الكسب غير المشروع - جرائم البنوك والائتمان - جرائم تزييف العملة - جرائم الافلاس - جرائم الشيك _cعبدالحميد الشواربى |
| 260 |
_aالاسكندرية : _bمنشاة المعارف ، _c1989 |
||
| 300 |
_a711 ص ؛ _c24 سم |
||
| 490 |
_aالكتب القانونية _v0 |
||
| 650 | 0 | 4 | _aالقانون |
| 650 | 0 | 4 | _aالشيكات |
| 650 | 0 | 4 | _aعقود البيع |
| 650 | 0 | 4 | _aقانون العقوبات |
| 650 | 0 | 4 | _aالقانون التجارى |
| 650 | 0 | 4 | _aالقانون المالى |
| 942 |
_2ddc _cBK |
||
| 999 |
_c27749 _d27749 |
||